00313nam a2200121Ia 4500008004100000082001600041100001800057245003300075250000800108260005100116300000800167650001600175191201s2004 xx 000 0 und d a005.26bMIJ aJON, Manish,  0aMicroprocessor Data Handbook a1st aN.DelhibTata Mc Graw Hill Pubg. co. Ltdc2004 a844 aB.Tech(CSE)